Statystyki dla Wymień 10 krajów z najwiekszą ilością wysp

Kliknij tutaj aby rozwiązać quiz!

Ogólne statystyki

  • Ten quiz został rozwiązany 46 razy
  • Średni wynik to 8 z 10

Statystyki odpowiedzi

HintOdpowiedź% Poprawnych
4.Kanada
91%
1.Norwegia
88%
5.Stany Zjednoczone
88%
2.Szwecja
81%
3.Finlandia
79%
6.Indonezja
79%
10.Japonia
74%
7.Australia
65%
8.Filipiny
65%
9.Chiny
58%

Rozkład punktacji

Percentyl według liczby udzielonych odpowiedzi

Procent ludzi z każdym wynikiem

Twoja historia wyników

Nie rozwiązałeś tego quizu